书目信息 |
| 题名: |
中国边疆地理(海疆)
|
|
| 作者: | 张耀光 编著 | |
| 分册: | ||
| 出版信息: | 北京 科学出版社 2001 |
|
| 页数: | 348页 | |
| 开本: | 26cm | |
| 丛书名: | 中国人文地理丛书 | |
| 单 册: | ||
| 中图分类: | K928.19 | |
| 科图分类: | ||
| 主题词: | 海疆--概况--中国 | |
| 电子资源: | ||
| ISBN: | 7-03-009028-4 | |
| 000 | 00709nam0 2200229 45 | |
| 001 | 0304011534 | |
| 005 | 20031219104108.4 | |
| 010 | @a7-03-009028-4@b精装@dCNY50.00 | |
| 100 | @a20030401d2001 km y0chiy0120 ea | |
| 101 | 0 | @achi |
| 105 | @a z 000yy | |
| 200 | 1 | @a中国边疆地理(海疆)@AZhong Guo Bian Jiang Di Li(Hai Jiang)@f张耀光编著@FZhang Yao Guang Bian Zhu |
| 210 | @a北京@c科学出版社@d2001 | |
| 215 | @a348页@d26cm | |
| 225 | @a中国人文地理丛书@f吴传钧主编 | |
| 410 | @12001 @a中国人文地理丛书 | |
| 410 | @1700 0@a吴传钧@AWu Chuan Jun@4主编 | |
| 606 | 0 | @a海疆@x概况@y中国 |
| 690 | @aK928.19@v4 | |
| 701 | 0 | @a张耀光@4编著 |
| 801 | @aCN@bTSTC@c20030401 | |
| 905 | @b322068-070@dK928.19@e257@f3 | |
| 中国边疆地理(海疆)/张耀光编著.-北京:科学出版社,2001 |
| 348页;26cm.-(中国人文地理丛书/吴传钧主编) |
| ISBN 7-03-009028-4(精装):CNY50.00 |
| ● |
| 相关链接 |
|
|
|
|
正题名:中国边疆地理(海疆)
索取号:K928.19/257
 
预约/预借
| 序号 | 登录号 | 条形码 | 馆藏地/架位号 | 状态 | 备注 |
| 1 | 0322068 | 203220683 | 第二借阅区/ [索取号:K928.19/257] | 在馆 | |
| 2 | 0322069 | 203220692 | 第二借阅区/ [索取号:K928.19/257] | 在馆 | |
| 3 | 0322070 | 203220709 | 第二样本阅览室/ [索取号:K928.19/257] | 在馆 |